Every Premier League/First Division Winner - Statistics

General Stats
  • This quiz has been taken 30 times
    9 since last reset
  • The average score is 112 of 125
Answer Stats
Year Answer % Correct
1930-31 | 1932-33 | 1933-34 | +10 others Arsenal
100%
1911-12 | 1913-14 | 1994-95 Blackburn Rovers
100%
1954-55 | 2004-05 | 2005-06 | +3 others Chelsea
100%
2015-16 Leicester City
100%
1900-01 | 1905-06 | 1921-22 | +16 others Liverpool
100%
1907-08 | 1910-11 Manchester United
100%
1936-37 | 1967-68 | 2011-12 | +7 others Man City
100%
1904-05 | 1906-07 | 1908-09 | 1926-27 Newcastle United
100%
1950-51 | 1960-61 Tottenham
100%
1893-94 | 1895-96 | 1896-97 | +4 others Aston Villa
86%
1890-91 | 1914-15 | 1927-28 | +6 others Everton
86%
1961-62 Ipswich
86%
1968-69 | 1973-74 | 1991-92 Leeds United
86%
1951-52 | 1955-56 | 1956-57 | +15 others Man United
86%
1977-78 Nottingham Forest
86%
1888-89 | 1889-90 Preston
86%
1891-92 | 1892-93 | 1894-95 | +3 others Sunderland
86%
1971-72 | 1974-75 Derby County
71%
1923-24 | 1924-25 | 1925-26 Huddersfield
71%
1897-98 Sheffield United
71%
1902-03 | 1903-04 | 1928-29 | 1929-30 Sheffield Wednesday
71%
1920-21 | 1959-60 Burnley
57%
1948-49 | 1949-50 Portsmouth
57%
1919-20 West Brom
57%
1953-54 | 1957-58 | 1958-59 Wolverhampton
43%
No matching quizzes found
Score Distribution
Percent of People with Each Score
Percentile by Number Answered
Your Score History
You have not taken this quiz since the last reset